| 000 | 00903nam0a22002411 4500 | ||
|---|---|---|---|
| 001 | rc\2781871 | ||
| 005 | 20260407071517.0 | ||
| 035 | _a(NLR Aleph) 006908097 | ||
| 090 |
_a7318153 _c7318153 |
||
| 100 | _a20110915d1935 |||y0rusy50 ca | ||
| 101 | 0 | _arus | |
| 102 | _aRU | ||
| 105 | _aa z ||||| | ||
| 200 | 1 |
_aБорьба с потерями в сеноуборке _fН. Г. Андреев |
|
| 210 |
_a[Саратов] _cСарат. гос. изд-во _d1935 _gтип. № 1 Крайместпрома |
||
| 215 |
_a50 с., без тит. л., 1 с. "Оглавление" на обл. _cил. _d22х15 см. |
||
| 700 | 1 |
_7ca _8rus _aАндреев _bН. Г. _cд-р с.-х. наук _f1900-1996 _gНиколай Гаврилович _3RU\NLR\AUTH\770279025 _92650992 |
|
| 801 | 0 |
_aRU _bNLR _gpsbo |
|
| 801 | 1 |
_aRU _bELAR _2rusmarc |
|
| 852 |
_aNLR _j35-11/271 |
||
| 942 | _cBOOK | ||
| 980 | _aNB | ||